00644nam a2200157Ia 4500008004100000082001400041100002000055245007300075260005000148365000600198630007300204730007300277942000900350999001900359952010800378100415s9999 xx 000 0 und d b9726a575 aRench Bernhard aNeuere Probleme der Abstammungslehre : Die Trasspezifische Evolution aGERMANYc1954bFERDINAND ENKE VERLAG STUTTGAR b0 aNeuere Probleme der Abstammungslehre : Die Trasspezifische Evolution aNeuere Probleme der Abstammungslehre : Die Trasspezifische Evolution cBOOK c592662d592659 00104070aBNHSbBNHSd1997-08-26g0.00l0o575 9726pBNHS-9726r2010-04-15 00:00:00w2010-04-15yBOOK